Практический анализ тепловых процессов в энергетике и металлургии: учебное пособие

Bibliographic Details
Main Author: Маркин А. Д. Александр Дмитриевич
Other Authors: Маркин М. А. Михаил Александрович
Summary:Практическое исследование высокотемпературных процессов теплообмена в различных энергетических установках всегда приводит к необходимости анализа проблем, математическое описание которых имеет все виды нелинейностей и требует как организации некоторой итерационной процедуры, так и соответствующих методов алгоритмизации задач применительно к использованию компьютерных технологий при поиске решения. Для организации непрерывного итерационного процесса приведены: теплофизические свойства газов, жидкостей, металлов и твердых веществ в форме аналитических зависимостей от температуры (замена таблично или графически заданных); аналитические зависимости, позволяющие определить радиационные характеристики продуктов сгорания органических топлив без номограмм; новая схема организации итерационного процесса и обеспечивающие её разностные схемы повышенной устойчивости. Для студентов, инженерно-технических и научных работников различных отраслей промышленности, в том числе металлургии, занимающихся практическими расчетами энергетического и теплообменного оборудования.
Language:Russian
Published: Москва, Изд-во МИСиС, 2008
Subjects:
Format: Book
KOHA link:https://koha.lib.tpu.ru/cgi-bin/koha/opac-detail.pl?biblionumber=162373

MARC

LEADER 00000nam0a2200000 4500
001 162373
005 20231101222321.0
010 |a 9785876231956 
035 |a (RuTPU)RU\TPU\book\176098 
090 |a 162373 
100 |a 20090622d2008 m y0rusy50 ca 
101 0 |a rus 
102 |a RU 
105 |a a j 001zy 
200 1 |a Практический анализ тепловых процессов в энергетике и металлургии  |e учебное пособие  |f А. Д. Маркин, М. А. Маркин 
210 |a Москва  |c Изд-во МИСиС  |d 2008 
215 |a 208 с.  |c ил. 
320 |a Библиография в конце глав. 
330 |a Практическое исследование высокотемпературных процессов теплообмена в различных энергетических установках всегда приводит к необходимости анализа проблем, математическое описание которых имеет все виды нелинейностей и требует как организации некоторой итерационной процедуры, так и соответствующих методов алгоритмизации задач применительно к использованию компьютерных технологий при поиске решения. Для организации непрерывного итерационного процесса приведены: теплофизические свойства газов, жидкостей, металлов и твердых веществ в форме аналитических зависимостей от температуры (замена таблично или графически заданных); аналитические зависимости, позволяющие определить радиационные характеристики продуктов сгорания органических топлив без номограмм; новая схема организации итерационного процесса и обеспечивающие её разностные схемы повышенной устойчивости. Для студентов, инженерно-технических и научных работников различных отраслей промышленности, в том числе металлургии, занимающихся практическими расчетами энергетического и теплообменного оборудования. 
606 1 |a Тепловые процессы  |x Динамика  |2 stltpush  |3 (RuTPU)RU\TPU\subj\59574  |9 77084 
606 1 |a Теплоэнергетика  |x Металлургия  |2 stltpush  |3 (RuTPU)RU\TPU\subj\59825  |9 77322 
610 1 |a теплопередача 
610 1 |a стационарная теплопроводность 
610 1 |a нестационарная теплопроводность 
610 1 |a конвективный теплообмен 
610 1 |a теплообмен излучением 
610 1 |a численный анализ 
610 1 |a теплообменники 
610 1 |a энергетические установки 
610 1 |a математическое описание 
610 1 |a примеры 
610 1 |a задачи 
610 1 |a типовые решения 
610 1 |a учебные пособия 
675 |a 621.1.016(075.8)  |v 3 
675 |a 669.04(075.8)  |v 3 
700 1 |a Маркин  |b А. Д.  |g Александр Дмитриевич 
701 1 |a Маркин  |b М. А.  |g Михаил Александрович 
801 1 |a RU  |b 63413507  |c 20090622  |g PSBO 
801 2 |a RU  |b 63413507  |c 20150609  |g RCR 
900 |a Тепловые процессы в технологических системах 
942 |c BK 
951 |b 150100 
959 |a 74/20090619  |d 5  |e 254,00  |f АНЛ:1  |f ЧЗТЛ:1  |f УФ:3